Զղջում : (Record no. 98613)
[ view plain ]
| 000 -LEADER | |
|---|---|
| fixed length control field | 00825nam a2200229 u 4500 |
| 001 - CONTROL NUMBER | |
| control field | 000272049 |
| 003 - CONTROL NUMBER IDENTIFIER | |
| control field | AM-YeHGA |
| 005 - DATE AND TIME OF LATEST TRANSACTION | |
| control field | 20250618071807.0 |
| 008 - FIXED-LENGTH DATA ELEMENTS--GENERAL INFORMATION | |
| fixed length control field | 031014s1988 ai r 000 0 arm d |
| 020 ## - INTERNATIONAL STANDARD BOOK NUMBER | |
| International Standard Book Number | 5550000474 |
| 040 ## - CATALOGING SOURCE | |
| Original cataloging agency | AM-YeHGA |
| 041 0# - LANGUAGE CODE | |
| Language code of text/sound track or separate title | arm |
| 090 ## - LOCALLY ASSIGNED LC-TYPE CALL NUMBER (OCLC); LOCAL CALL NUMBER (RLIN) | |
| -- | 99924 |
| 100 1# - MAIN ENTRY--PERSONAL NAME | |
| Personal name | Մկրտչյան, Հարություն Գաբրիելի, |
| Dates associated with a name | 1903-1992 |
| 9 (RLIN) | 1865 |
| 245 10 - TITLE STATEMENT | |
| Title | Զղջում : |
| Remainder of title | Վեպ / |
| Statement of responsibility, etc. | Հ. Մկրտչյան; Խմբ.՝ Ե.Մ. Պետրոսյան. |
| 260 ## - PUBLICATION, DISTRIBUTION, ETC. | |
| Place of publication, distribution, etc. | Երևան : |
| Name of publisher, distributor, etc. | Սովետական գրող, |
| Date of publication, distribution, etc. | 1988. |
| 300 ## - PHYSICAL DESCRIPTION | |
| Extent | 516 էջ ; |
| Dimensions | 22 սմ. |
| 650 14 - SUBJECT ADDED ENTRY--TOPICAL TERM | |
| Topical term or geographic name entry element | Հայ գրականություն |
| General subdivision | Վեպ |
| 653 0# - INDEX TERM--UNCONTROLLED | |
| Uncontrolled term | Քրեական աշխարհ |
| 653 0# - INDEX TERM--UNCONTROLLED | |
| Uncontrolled term | Հայրենական մեծ պատերազմ |
| 700 1# - ADDED ENTRY--PERSONAL NAME | |
| Personal name | Պետրոսյան, Եղիշե Մանուկի, |
| Dates associated with a name | 1912-1982 |
| Relator term | խմբ. |
| Relationship | edt |
| 9 (RLIN) | 1402 |
| Withdrawn status | Lost status | Damaged status | Not for loan | Collection | Home library | Current library | Date acquired | Total checkouts | Full call number | Barcode | Date last seen | Copy number | Price effective from | Koha item type | Public note |
|---|---|---|---|---|---|---|---|---|---|---|---|---|---|---|---|
| General | Fundamental Scientific Library | Fundamental Scientific Library | 22/12/2016 | AII/76494 | FL0262881 | 22/12/2016 | 891.981 | 22/12/2016 | Գրքեր / Books | 30 Days Loan | |||||
| General | Fundamental Scientific Library | Fundamental Scientific Library | 22/12/2016 | AII/78144 | 220078144 | 22/12/2016 | 891.981 | 22/12/2016 | Գրքեր / Books | 30 Days Loan |
ՀՀ Գիտությունների ազգային ակադեմիայի հիմնարար գիտական գրադարան = Fundamental Scientific Library of NAS RA
All site content, except where otherwise noted, is licensed under a